00731nam a2200229Ia 4500003000900000008004100009040001300050040001300063041000800076100002500084245008100109250001100190260002200201260000900223300001100232300001200243490001700255490000700272942000700279999001700286952019800303IT-RoPAU120407s9999 xx 000 0 und d aIT-RoPAU cIT-RoPAU aita aRaymond A. Moody jr. aLa vita oltre la vita. Studi e rivelazioni sul fenomeno della sopravvivenza. aMilano aMondadori Arnoldo c1989 a139 p. c18,5 cm aOscar Arcana v14 cBK c25513d25513 00102ddc406128_18000000000000071aPAULUSbPAULUSd2012-04-11l0o128.18r2012-04-11 00:00:00w2012-04-11yBKzInserito da: Jole In data: 12 settembre 2011 fondo: Via A.Severo 56 Progr:22598